Formule 1 - Vainqueurs du GP de Zandvoort, Pays-Bas - Statistiques

Statistiques générales
  • Ce quiz a été pris 55 fois
    31 depuis la dernière actualisation
  • Le résultat moyen est 28 sur 35
Statistiques - réponses
Années Pilotes % Correct
2021 Max Verstappen
100%
1955 Juan Manuel Fangio
100%
2024 Lando Norris
100%
2022 Max Verstappen
100%
2023 Max Verstappen
100%
1974 Niki Lauda
100%
1977 Niki Lauda
100%
1985 Niki Lauda
100%
2025 Oscar Piastri
100%
1962 Graham Hill
95%
1980 Nelson Piquet
95%
1981 Alain Prost
90%
1984 Alain Prost
90%
1952 Alberto Ascari
90%
1953 Alberto Ascari
90%
1975 James Hunt
86%
1976 James Hunt
86%
1963 Jim Clark
86%
1964 Jim Clark
86%
1965 Jim Clark
86%
1967 Jim Clark
86%
1960 Jack Brabham
81%
1966 Jack Brabham
81%
1978 Mario Andretti
81%
1968 Jackie Stewart
76%
1969 Jackie Stewart
76%
1973 Jackie Stewart
76%
1979 Alan Jones
71%
1970 Jochen Rindt
67%
1958 Stirling Moss
67%
1983 René Arnoux
62%
1982 Didier Pironi
38%
1971 Jacky Ickx
33%
1961 Wolfgang von Trips
29%
1959 Joakim Bonnier
14%
Aucun quiz correspondant
Distribution des résultats
% des personnes avec chaque résultat
Percentile par nombre de réponses
Votre historique - résultats
Vous n’avez pas pris ce quiz depuis la dernière actualisation